| 000 | 00000nam##2200000za#4500 |
| 001 | 9.646440 |
| 003 | CaOODSP |
| 005 | 20200401074719 |
| 007 | ta |
| 008 | 150407|1997||||xxc||||| f|0| 0 eng|d |
| 020 | |a0-662-25338-8 |
| 040 | |aCaOODSP|beng |
| 043 | |an-cn--- |
| 086 | 1 |aNE23-27/1997E |
| 110 | 1 |aCanada. |bNational Energy Board. |
| 245 | 10|aNatural gas market assessment: long-term Canadian natural gas contracts: an update |
| 260 | |aCalgary - Alberta : |bNational Energy Board |c1997. |
| 300 | |a49p. : |bgraphs, tables ; |c28 cm. |
| 500 | |aContents: Introduction.--Trends in the structure of long-term Canadian natural gas contracts.--Terms and conditions of natural gas contracts.--Summary and conclusions.--Glossary.--Appendix A: Survey of long-term natural gas contracts. |
| 563 | |aSoftcover |
| 590 | |a97-07|b1997-02-14 |
| 775 | 08|tÉvaluation du marché du gaz naturel: contrats à long terme d'approvisionnement en gaz natural canadien: mise à jour |w(CaOODSP)9.679990 |
| 776 | 0#|tNatural gas market assessment : |w(CaOODSP)9.695995 |